000
00330 a2200157 4500
001
11975
020
_a
9781848981140
040
_c
Anchieta - Aquarius
100
_a
Owen, Ruth
240
1
0
_a
Blast Off!
_l
por
245
1
0
_a
Blast Off!
300
_a
362
0
_a
2009
650
4
_a
Literatura infantil em inglês
942
_c
BK
999
_c
11975
_d
11975